| 000 | 00552nam a22001937a 4500 | ||
|---|---|---|---|
| 003 | OSt | ||
| 005 | 20240227102410.0 | ||
| 008 | 190513t xxu||||| |||| 00| 0 eng d | ||
| 020 | _a9781405341233 | ||
| 040 | _c0 | ||
| 082 |
_a741.2 _bSIM 2004 |
||
| 100 | 1 | 0 |
_aSimblet,Sarah _9121402 |
| 245 | 4 | 0 |
_aThe drawing book _cSarah Simblet |
| 260 |
_aNew York. _bDorling Kindersley; _c2004. |
||
| 300 |
_a264p.; _bill; _c28 cm. |
||
| 650 |
_aDrawing _eTechnique _928332 |
||
| 942 |
_2ddc _cBK _aSADA _k741.2 SIM 2004 |
||
| 999 |
_c608301 _d608301 |
||